1° europa per curiosità - Statistics

Statistiche generali
  • Questo quiz è stato fatto 71 volte
  • Il punteggio medio è 5 su 15
Risposte nella Mappa
Le risposte nella mappa del quiz sottostante sono codificate secondo una scala di colori dal rosso al verde in base alla % di persone che hanno risposto correttamente.
 
Statistiche sulle risposte
Risposta % Corretto
è denominato "repubblica serenissima"
57%
è il più piccolo paese dell'ex URSS ad affacciarsi sul mare
57%
dopo la seconda guerra mondiale è stato diviso in quattro stati
55%
è l'unico paese scandinavo ad usare l'euro
53%
ha la linea costiera più breve al mondo
51%
è l'unico paese ad aver ospitato le olimpiadi ogni secolo
38%
questo paese ha nella bandiera un riconoscimento elargito dal regno unito
38%
ospita la linea ferroviaria più lunga al mondo
34%
è l'unica monarchia con due monarchi
32%
è riconosciuto dall'ONU ma non ne è membro
32%
fino al 2022, veniva regolarmente invaso dal canada
28%
è l'unico paese ad essere tornato da una guerra con più soldati di quelli inviati
26%
la capitale di questo paese è la città che ha ospitato più volte l'eurovision
17%
fino agli anni '20, per i cattolici sarebbe stata interdetta la partecipazione alle attività politiche
13%
è il paese più "medio" del mondo
9%
Nessun quiz corrispondente trovato
Distribuzione punteggi
Percentuale di utenti per punteggio
Percentile per numero di risposta
I tuoi punteggi nel tempo
Non hai fatto questo quiz